<?xml version="1.0" encoding="UTF-8"?>
<marc:record xmlns:marc="http://www.loc.gov/MARC21/slim">
   <marc:leader>00000nam a2200000 a 4500</marc:leader>
   <marc:datafield ind1="1" ind2=" " tag="100">
      <marc:subfield code="a">King, S.J.</marc:subfield>
      <marc:subfield code="4">aut</marc:subfield>
      <marc:subfield code="e">Verfasser/-in</marc:subfield>
   </marc:datafield>
   <marc:datafield ind1="0" ind2="0" tag="245">
      <marc:subfield code="a">Jagd um den Eiffelturm</marc:subfield>
   </marc:datafield>
   <marc:datafield ind1=" " ind2="1" tag="264">
      <marc:subfield code="b">Dorling Kindersley Verlag </marc:subfield>
      <marc:subfield code="c">2025</marc:subfield>
   </marc:datafield>
   <marc:datafield ind1="1" ind2=" " tag="490">
      <marc:subfield code="a">Die Zeitagenten</marc:subfield>
   </marc:datafield>
   <marc:datafield ind1="1" ind2=" " tag="520">
      <marc:subfield code="a">In diesem spannenden Buch zum Lesen-Üben ist der Bau des Pariser Eiffelturms in Gefahr: Kaum steht der halbe Turm, fehlt von den Bauplänen jede Spur! Jetzt liegt es an den Zeit-Agenten Hannah und Alex, die Lage zu retten und den Lauf der Zeit zu bewahren. Eine wilde Verfolgungsjagd über die Weltausstellung von 1889 beginnt!</marc:subfield>
   </marc:datafield>
   <marc:datafield ind1=" " ind2=" " tag="020">
      <marc:subfield code="a">9783831050116</marc:subfield>
      <marc:subfield code="9">9783831050116</marc:subfield>
   </marc:datafield>
</marc:record>
